British grown hardwoods - the designers` handbook : a guide to selection and use. (Record no. 95072)

MARC details
000 -LEADER
fixed length control field 00585cam a2200205 4500
008 - FIXED-LENGTH DATA ELEMENTS--GENERAL INFORMATION
fixed length control field 090401t1996 xxu||||| |||| 00| 0 eng d
020 ## - INTERNATIONAL STANDARD BOOK NUMBER
International Standard Book Number 1900510022
035 ## - SYSTEM CONTROL NUMBER
System control number (Sirsi) u68079
041 ## - LANGUAGE CODE
Language code of text/sound track or separate title eng
050 ## - LIBRARY OF CONGRESS CALL NUMBER
Classification number 694.01
110 ## - MAIN ENTRY--CORPORATE NAME
Corporate name or jurisdiction name as entry element Timber Research and Development Association
245 ## - TITLE STATEMENT
Title British grown hardwoods - the designers` handbook : a guide to selection and use.
260 ## - PUBLICATION, DISTRIBUTION, ETC.
Place of publication, distribution, etc. High Wycombe
Name of publisher, distributor, etc. TRADA
Date of publication, distribution, etc. 1996
300 ## - PHYSICAL DESCRIPTION
Extent 32p. : ill. ; 30cm.
350 ## - PRICE (NR) (BK AM CF MU VM SE) [OBSOLETE]
Price 15
650 ## - SUBJECT ADDED ENTRY--TOPICAL TERM
Topical term or geographic name entry element TIMBER
690 ## - LOCAL SUBJECT ADDED ENTRY--TOPICAL TERM (OCLC, RLIN)
Topical term or geographic name as entry element BUILT ENVIRONMENT-BUILDING MATERIALS
942 ## - ADDED ENTRY ELEMENTS (KOHA)
Suppress in OPAC 0
948 ## - LOCAL PROCESSING INFORMATION (OCLC); SERIES PART DESIGNATOR (RLIN)
c (OCLC) 04/03/1997
Holdings
Withdrawn status Lost status Source of classification or shelving scheme Damaged status Not for loan Home library Current library Shelving location Date acquired Cost, normal purchase price Total Checkouts Full call number Barcode Date last seen Date last checked out Copy number Cost, replacement price Price effective from Koha item type
    Dewey Decimal Classification     London London Folio 04/02/1997 15.00 1 F694.01 30051990 06/08/2019 08/03/2000 1 15.00 06/08/2019 Book